[Event "NATO-ch 27th"]
[Site "Shrivenham"]
[Date "2016.08.23"]
[Round "3"]
[White "Parker, Kaja"]
[Black "Coulon, Dominic"]
[Result "0-1"]
[WhiteElo "1895"]
[BlackElo "1661"]
[PlyCount "76"]
[EventDate "2016.08.22"]
[EventType "swiss"]
[EventRounds "7"]
[EventCountry "ENG"]
[SourceTitle "EXT 2018"]
[Source "ChessBase"]
[SourceDate "2017.10.13"]
[SourceVersion "1"]
[SourceVersionDate "2017.10.13"]
[SourceQuality "1"]

1. b4 d5 2. Bb2 c6 3. e3 e6 4. Nf3 f5 5. a3 Nf6 6. c4 Bd6 7. c5 Bc7 8. d3 0-0 9. g3 Qe7 10. Bg2 e5 11. 0-0 e4 12. dxe4 fxe4 13. Nd4 Bg4 14. Qd2 Nfd7 15. f4 exf3 16. Nxf3 b6 17. cxb6 Nxb6 18. Bd4 N8d7 19. Qc3 Nc4 20. Nbd2 Nxd2 21. Qxd2 Rae8 22. Qc3 Bxf3 23. Rxf3 Ne5 24. Rxf8+ Rxf8 25. e4 dxe4 26. Bxe4 Qf6 27. Kg2 h5 28. Re1 h4 29. Qb3+ Kh8 30. Bxa7 Ng4 31. Qf3 h3+ 32. Kg1 Qxf3 33. Bxf3 Rxf3 34. Re8+ Kh7 35. Re7 Be5 36. Re6 Rxa3 37. Kf1 Rxa7 38. Rxc6 Nxh2+ 0-1